000 00486nam a2200193Ia 4500
005 20230816112834.0
008 131103s9999 xx 000 0 und d
040 _aLoreto College
041 _aEnglish
082 _a954.147
_bMOO
100 _aMoorhouse,Geoffrey
245 _aCalcutta
_cGeoffrey Moorhouse
260 _aLondon
_bWeidenfeld and Nicolson
_c1971
300 _a376 p.
504 _aIncludes index
650 _aHistory - Calcutta
850 _aLCLIB
942 _cBK
999 _c19225
_d69704